English Football League Stadiums - Statistics

General Stats
  • This quiz has been taken 34 times
  • The average score is 47 of 92
Answer Stats
Team Stadium % Correct
Liverpool Anfield
92%
Chelsea Stamford Bridge
92%
Everton Goodison Park
88%
Manchester United Old Trafford
88%
Sunderland Stadium of Light
88%
Newcastle United St. James' Park
88%
Exeter City St James Park
88%
Fulham Craven Cottage
84%
Arsenal Emirates Stadium
84%
Aston Villa Villa Park
84%
Manchester City Etihad Stadium
80%
Leicester City King Power Stadium
76%
Crystal Palace Selhurst Park
76%
Charlton Athletic The Valley
76%
Brighton & Hove Albion Amex Stadium
72%
Norwich City Carrow Road
72%
Leeds United Elland Road
72%
Queens Park Rangers Loftus Road
72%
Southampton St. Mary's Stadium
72%
Burnley Turf Moor
72%
Sheffield Wednesday Hillsborough
68%
Derby County Pride Park
68%
Milwall The Den
68%
West Bromwich Albion The Hawthorns
68%
Blackpool Bloomfield Road
64%
Cardiff City Cardiff City Stadium
64%
Portsmouth Fratton Park
64%
Huddersfield Town John Smith's Stadium
64%
West Ham United London Stadium
64%
Watford Vicarage Road
64%
AFC Bournemouth Vitality Stadium
64%
Bristol City Ashton Gate
60%
Wigan Athletic DW Stadium
60%
Blackburn Rovers Ewood Park
60%
Ipswich Town Portman Road
60%
Coventry City Ricoh Arena
60%
Birmingham City St Andrew's
60%
Bradford City Valley Parade
60%
Preston North End Deepdale
56%
Brentford Griffin Park
56%
Tottenham Hotspur Wembley Stadium
56%
Stoke City bet365 Stadium
52%
Sheffield United Bramall Lane
52%
Nottingham Forest City Ground
52%
Bury Gigg Lane
52%
Doncaster Rovers Keepmoat Stadium
52%
Luton Town Kenilworth Road
52%
Wolverhampton Wanderers Molineux
52%
Middlesbrough Riverside Stadium
52%
Swindon Town County Ground
48%
Plymouth Argyle Home Park
48%
Hull City KCOM Stadium
48%
Bolton Wanderers Macron Stadium
48%
Barnsley Oakwell
48%
Burton Albion Pirelli Stadium
48%
Carlisle United Brunton Park
44%
Swansea City Liberty Stadium
44%
Rotherham United New York Stadium
44%
MK Dons Stadium mk
44%
Wycombe Wanderers Adams Park
40%
AFC Wimbledon Kingsmeadow
40%
Reading Madejski Stadium
40%
Barnet The Hive
40%
Oxford United Kassam Stadium
36%
Bristol Rovers Memorial Stadium
36%
Southend United Roots Hall
36%
Northampton Town Sixfields
36%
Port Vale Vale Park
36%
Cambridge United Abbey Stadium
32%
Grimsby Town Blundell Park
32%
Scunthorpe United Glanford Park
32%
Yeovil Town Huish Park
32%
Gillingham Priestfield
32%
Rochdale Spotland
32%
Oldham Athletic Boundary Park
28%
Fleetwood Town Highbury Stadium
28%
Notts County Meadow Lane
28%
Forest Green Rovers The New Lawn
28%
Morecambe Globe Arena
24%
Newport County Rodney Parade
24%
Lincoln City Sincil Bank
24%
Walsall Bescot Stadium
20%
Colchester United Colchester Community Stadium
20%
Shrewsbury Town New Meadow
20%
Accrington Stanley Wham Stadium
20%
Cheltenham Town Whaddon Road
16%
Crawley Town Checkatrade.com Stadium
12%
Stevenage Lamex Stadium
12%
Chesterfield Proact Stadium
12%
Mansfield Town One Call Stadium
8%
Crewe Alexandra The Alexandra Stadium
8%
Peterborough United ABAX Stadium
4%
No matching quizzes found
Score Distribution
Percent of People with Each Score
Percentile by Number Answered
Your Score History
You have not taken this quiz